Schnelle Mathematik - Addition Level 07 - Statistiken

Allgemein
  • Dieses Quiz wurde 212 mal gespielt
  • Das Durchschnittsergebnis liegt bei 38 aus 40
Antwortstatistiken
Frage Antwort % Korrekt
0+10 10
100%
3+7 10
100%
9+1 10
100%
5+6 11
100%
8+3 11
100%
10+1 11
100%
7+5 12
100%
6+9 15
100%
7+8 15
100%
10+5 15
100%
6+10 16
100%
8+10 18
100%
0+2 2
100%
10+10 20
100%
3+1 4
100%
4+0 4
100%
1+4 5
100%
4+1 5
100%
5+0 5
100%
1+5 6
100%
2+4 6
100%
0+8 8
100%
3+6 9
100%
6+3 9
100%
8+1 9
100%
2+0 2
98%
2+3 5
98%
2+6 8
98%
0+9 9
98%
1+0 1
97%
4+6 10
97%
7+3 10
97%
1+10 11
97%
2+10 12
97%
3+9 12
97%
6+7 13
97%
8+5 13
97%
5+9 14
97%
10+4 14
97%
8+7 15
97%
7+9 16
97%
8+8 16
97%
9+7 16
97%
7+10 17
97%
8+9 17
97%
9+9 18
97%
4+2 6
97%
0+7 7
97%
2+5 7
97%
3+5 8
97%
6+2 8
97%
2+7 9
97%
4+5 9
97%
9+0 9
97%
4+7 11
96%
3+10 13
96%
5+8 13
96%
7+7 14
96%
2+1 3
96%
0+4 4
96%
4+4 8
96%
8+0 8
96%
0+1 1
95%
1+9 10
95%
2+8 10
95%
8+2 10
95%
1+2 3
95%
5+1 6
95%
1+7 8
95%
5+5 10
94%
10+0 10
94%
7+4 11
94%
5+7 12
94%
6+6 12
94%
8+4 12
94%
4+10 14
94%
9+8 17
94%
10+7 17
94%
9+10 19
94%
3+0 3
94%
1+3 4
94%
3+4 7
94%
5+2 7
94%
6+1 7
94%
5+3 8
94%
5+4 9
94%
9+3 12
93%
10+8 18
93%
0+5 5
93%
3+2 5
93%
6+0 6
93%
7+1 8
93%
2+9 11
92%
6+5 11
92%
10+2 12
92%
9+4 13
92%
10+3 13
92%
1+1 2
92%
2+2 4
92%
3+3 6
92%
5+10 15
91%
9+6 15
91%
10+9 19
91%
0+3 3
91%
7+0 7
91%
6+4 10
90%
3+8 11
90%
1+6 7
90%
4+9 13
89%
9+5 14
89%
4+3 7
89%
1+8 9
89%
8+6 14
88%
10+6 16
88%
0+0 0
87%
4+8 12
87%
7+6 13
87%
9+2 11
86%
0+6 6
86%
6+8 14
85%
7+2 9
83%
Keine übereinstimmenden Quizze gefunden
Verteilung der Resultate
Anzahl Personen mit jedem Resultat
Perzentil nach korrekt beantworteten Fragen
Ihre Resultats-Entwicklung
Sie haben dieses Quiz noch nicht gespielt